00458nam a2200145 a 450000500170000000800410001702000180005805000170007610000160009324500300010926000320013930000090017199900190018095201130019920140412111228.0100122s19uu xx 00 eng d a0-448-43196-3 aERbSn1 2004 aEding, June aSnow Magic /cJune Eding. aU.S.A :bScholastic,c2004. aunp. c102088d102088 00104050aELbELcERd2010-01-22eGiftg160.00l0oER Sn1 2004pE0492r2014-04-12 00:00:00w2014-04-12yBK